00333nam a2200121Ia 4500008004100000082001500041100001700056245003400073260002800107300000800135630003400143730003400177100122s9999 xx 000 0 und d b21400a540 aBIDDLE HARRY aCHEMISTRY IN HEALTH & DISEASE bF.A.DAVIS COMPANYc1948 a766 aCHEMISTRY IN HEALTH & DISEASE aCHEMISTRY IN HEALTH & DISEASE